| 000 | 00399 a2200121 4500 | ||
|---|---|---|---|
| 001 | ART_5746 | ||
| 005 | 20260410161617.0 | ||
| 008 | 260409a | ||
| 245 | 1 | 0 | _aActivity Based Costing (ABC), Activity Based Management (ABM) y Activity Based Budgeting (ABB) |
| 100 | 1 | _aCapasso, Carmelo L. | |
| 700 | 1 | _aMarchione, Julio César | |
| 773 | 0 |
_tEnfoques _g- Nº 2 (feb. 2007) _wREV416 |
|
| 999 |
_c11217 _d11217 |
||